Statystyki dla Słynny piłkarz - quiz obrazkowy #6

Kliknij tutaj aby rozwiązać quiz!

Ogólne statystyki

  • Ten quiz został rozwiązany 928 razy
  • Średni wynik to 12 z 15

Statystyki odpowiedzi

Odpowiedź% Poprawnych
Neymar
99%
Mohamed Salah
96%
Jakub Błaszczykowski
95%
Luis Suarez
94%
Eden Hazard
93%
Marcelo
93%
Manuel Neuer
92%
Gianluigi Buffon
89%
James Rodriguez
85%
Antoine Griezmann
84%
Artur Boruc
79%
Marco Asensio
72%
Domagoj Vida
48%
Patrik Schick
44%
Jari Litmanen
28%

Rozkład punktacji

Percentyl według liczby udzielonych odpowiedzi

Procent ludzi z każdym wynikiem

Twoja historia wyników

Nie rozwiązałeś tego quizu